000 01209cam a22003853a 4500
001 13294447
003 OSt
005 20140310181944.0
008 970618s1997 nyu c 000 1 eng d
010 _a 2003586093
020 _a0590568949 (pbk.)
035 _a(OCoLC)ocm37143897
040 _aKC#
_cKC#
_dLEO
_dSLC
_dOCL
_dDLC
042 _alccopycat
050 0 0 _aPZ 7
_b.St859 1997
082 _aKF
_bSt5g #57
100 1 _aStine, R. L.
_93762
245 1 0 _aMy best friend is invisible /
_cR.L. Stine.
260 _aNew York :
_bScholastic,
_c1997.
300 _a114 p. ;
_c20 cm.
490 1 _aGoosebumps ;
_v#57
500 _a"An Apple paperback."
500 _a"A Parachute Press book"--T.p. verso.
541 _j1
541 _j2
562 _eFor circulation. 1 copy in the collection
650 0 _aHorror tales.
_93763
655 7 _aFantasy fiction.
_2gsafd
_93053
655 7 _aHorror fiction.
_2gsafd
_93405
710 2 _aCopyright Paperback Collection (Library of Congress)
_5DLC
_9705
800 1 _aStine, R. L.
_tGoosebumps ;
_v#57.
_93764
906 _a7
_bcbc
_ccopycat
_d2
_encip
_f20
_gy-genrareb
942 _2lcc
_cBK-KF
_kKF
999 _c7747
_d7747